• 首页
  • 本馆介绍
  • 公告通知
  • 最新文献
  • 馆藏检索
  • 电子资源
  • 读者导购
  • 参考咨询
  • 我的图书馆
  • 登录
  • 详细信息显示
  • 放入我的书架
  • 预约/预借图书
  • 作者相关作品
  • 分类相关作品
  • 丛书相关作品
  • 出版社相关作品

书目信息

  • 表格格式
  • 工作单格式
  • 卡片格式
题名:
国际共运史事件人物录
    
 
作者: 周尚文 主编
分册:  
出版信息: 上海   上海人民出版社  1984
页数: 846页
开本: 21cm
丛书名:
单 册:
中图分类: K811-61 , D1
科图分类:
主题词: 国际共产主义运动史-人名录 , 人名录-国际共产主义运动史 , 国际共产主义运动
电子资源:
ISBN:
000 00764nam0 2200277 45
001 0184012292
005 20040427143242.8
010    @dCNY3.05
091    @a11074.628
100    @a19950622d1984 em y0chiy0121 ea
101 0  @achi
102    @aCN@b310000
105    @ay e 000yy
106    @ar
200 10 @a国际共运史事件人物录@Aguo ji gong yun shi shi jian ren wu lu@f周尚文主编
210    @a上海@c上海人民出版社@d1984
215    @a846页@d21cm
606    @a国际共产主义运动史-人名录
606    @a人名录-国际共产主义运动史
606 0  @a国际共产主义运动
690    @aK811-61@v3
690    @aD1
701  0 @a周尚文@Azhou shang wen@4主编
801  0 @aCN@b上海图书馆@c20040427
801  2 @aCN@bNLC@c20040427
905    @f1@b139591@f1@b126299@dD1@e15
    
    国际共运史事件人物录/周尚文主编.-上海:上海人民出版社,1984
    846页;21cm
    
    
    ISBN :CNY3.05
    
●
相关链接 在E读中查询图书 在五车中查询图书 在当当中查询图书 在豆瓣中查询图书


正题名:国际共运史事件人物录     索取号:D1/15         预约/预借

序号 登录号 条形码 馆藏地/架位号 状态 备注
1 0126298   001767671   密集书库/ [索取号:D1/15] 在馆    
2 0126299   001009633   第一借阅区/ [索取号:D1/15] 在馆    
3 0126300   001767715   密集书库/ [索取号:D1/15] 在馆    
4 0139591   001011808   密集书库/ [索取号:D1/15] 在馆    
5 0139592   001752883   密集书库/ [索取号:D1/15] 在馆    
6 0139593   002050853   第一样本阅览室/ [索取号:D1/15] 在馆    
唐山师范学院图书馆 欢迎您!
大连网信软件有限公司© 版权所有